000 00461nam a2200181 a 4500
001 1767274135388
003 ACL
005 20260101190101.0
008 260101s2009##################000#0#eng##
020 _a9781846012921
082 0 4 _a643
_bCAS
100 1 _aCassell, Julian,
_eauthor.
245 1 0 _aAsk: The 1000 Most Asked Questions About the Home :
260 _bSpruce,
_c2009.
650 0 _aHouse & Home.
942 _cENGLISH
040 _aACL
_beng
_cACL
999 _c606535
_d606535